[Event "2. Bundesliga West 2019/20"]
[Site "Festsaal Marktplatz 3, 5620 Schwarzach"]
[Date "2020.01.17"]
[Round "6"]
[Board "4"]
[White "Donegani, Peter"]
[Black "Micheli, Carlo"]
[Result "0-1"]
[WhiteElo "2082"]
[BlackElo "2212"]
[PlyCount "43"]
[EventDate "2019.10.04"]
[EventType "team"]
[EventRounds "11"]
[EventCountry "AUT"]
[WhiteTeam "Sparkasse Neumarkt"]
[BlackTeam "Jenbach 2"]

1. e4 c5 2. Nf3 e6 3. d4 cxd4 4. Nxd4 a6 5. Nc3 Qc7 6. Bd3 Nf6 7. O-O Be7 8.
Kh1 b5 9. Qe2 d6 10. f4 Nbd7 11. Bd2 Bb7 12. b4 g6 13. a4 e5 14. Nf3 bxa4 15.
Nxa4 O-O 16. c4 Nh5 17. fxe5 dxe5 18. g3 f5 19. c5 Ndf6 20. Nb6 Nxe4 21. Bc4+
Kh8 22. Bd5  0-1

[Event "2. Bundesliga West 2019/20"]
[Site "Festsaal Marktplatz 3, 5620 Schwarzach"]
[Date "2020.01.17"]
[Round "6"]
[Board "5"]
[White "Hoellrigl, Wilfried"]
[Black "Baier, Patrick"]
[Result "1-0"]
[WhiteElo "2216"]
[BlackElo "2021"]
[PlyCount "69"]
[EventDate "2019.10.04"]
[EventType "team"]
[EventRounds "11"]
[EventCountry "AUT"]
[WhiteTeam "Jenbach 2"]
[BlackTeam "Sparkasse Neumarkt"]

1. e4 e5 2. Nf3 Nc6 3. d4 exd4 4. Nxd4 Bc5 5. Nxc6 bxc6 6. Bc4 Qh4 7. O-O Nf6
8. g3 Qh3 9. Qf3 O-O 10. Nc3 d5 11. exd5 Bg4 12. Qg2 Qh5 13. Re1 Bf3 14. Be2
Bxe2 15. Rxe2 cxd5 16. Bf4 d4 17. Re5 Qg6 18. Rxc5 dxc3 19. Rxc3 Rac8 20. Re1
Rfe8 21. Rxe8+ Rxe8 22. Be3 Ng4 23. Qc6 f6 24. Qd5+ Kh8 25. Rxc7 h5 26. Qf7
Qxf7 27. Rxf7 Nxe3 28. fxe3 Rxe3 29. Rxa7 Re2 30. Rc7 g5 31. b4 h4 32. gxh4
gxh4 33. b5 h3 34. b6 Rg2+ 35. Kf1  1-0

[Event "2. Bundesliga West 2019/20"]
[Site "Festsaal Marktplatz 3, 5620 Schwarzach"]
[Date "2020.01.17"]
[Round "6"]
[Board "6"]
[White "Kriechbaum, Paul"]
[Black "Wischounig, Laurin"]
[Result "0-1"]
[WhiteElo "1805"]
[BlackElo "1938"]
[PlyCount "88"]
[EventDate "2019.10.04"]
[EventType "team"]
[EventRounds "11"]
[EventCountry "AUT"]
[WhiteTeam "Sparkasse Neumarkt"]
[BlackTeam "Jenbach 2"]

1. d4 d5 2. e3 c5 3. c3 e6 4. Nf3 Nf6 5. Bd3 Be7 6. Nbd2 O-O 7. O-O Nc6 8. Qe2
b6 9. dxc5 bxc5 10. e4 Bb7 11. Bc2 d4 12. a3 Qc7 13. Rd1 Rfd8 14. c4 Bd6 15.
Nf1 h6 16. Re1 Nd7 17. Bd2 Nce5 18. Nxe5 Nxe5 19. f4 d3 20. Bxd3 Nxd3 21. Qxd3
Bxf4 22. Bxf4 Qxf4 23. Qe3 Qxe3+ 24. Rxe3 Rd4 25. Rc1 Bxe4 26. b4 Rad8 27. Rec3
Rd3 28. bxc5 Kf8 29. Ne3 Rxc3 30. Rxc3 Rc8 31. c6 Bxc6 32. c5 Ke7 33. Nc4 Rb8
34. Kf2 Bd5 35. Ne3 Kd7 36. Nxd5 exd5 37. Ke3 Kc6 38. g3 Re8+ 39. Kd3 Re1 40.
h4 Rg1 41. Kd4 Rd1+ 42. Ke5 Re1+ 43. Kf4 Re4+ 44. Kf3 Rc4  0-1

[Event "2. Bundesliga West 2019/20"]
[Site "Festsaal Marktplatz 3, 5620 Schwarzach"]
[Date "2020.01.17"]
[Round "6"]
[Board "1"]
[White "Barp, Alberto"]
[Black "Burschowsky, Matthias"]
[Result "1-0"]
[WhiteElo "2396"]
[BlackElo "2249"]
[PlyCount "70"]
[EventDate "2019.10.04"]
[EventType "team"]
[EventRounds "11"]
[EventCountry "AUT"]
[WhiteTeam "Kufstein/Woergl"]
[BlackTeam "ASK Salzburg"]

1. d4 Nf6 2. c4 c5 3. d5 b5 4. cxb5 a6 5. bxa6 g6 6. Nc3 Bxa6 7. e4 Bxf1 8.
Kxf1 d6 9. g3 Bg7 10. Kg2 O-O 11. Nf3 Nbd7 12. a4 Ra6 13. Re1 Qa8 14. Ra3 c4
15. Be3 Rc8 16. Nd4 Ne5 17. f3 Nfd7 18. Qe2 Nc5 19. Rea1 e6 20. Rd1 Nxa4 21.
Rxa4 Rxa4 22. Nxa4 Qxa4 23. dxe6 Qa2 24. Rd2 Qa1 25. exf7+ Nxf7 26. Ne6 Bf6 27.
Nf4 Rb8 28. Nd5 Bxb2 29. Qxc4 Bc1 30. Bd4 Qb1 31. Nf6+ Kg7 32. Nd7+ Kh6 33.
Qxf7 Bxd2 34. Bg7+ Kh5 35. Nf6+ Kg5  1-0

[Event "2. Bundesliga West 2019/20"]
[Site "Festsaal Marktplatz 3, 5620 Schwarzach"]
[Date "2020.01.17"]
[Round "6"]
[Board "2"]
[White "Besner, Bernhard"]
[Black "Seresin, Francesco"]
[Result "1/2-1/2"]
[WhiteElo "2155"]
[BlackElo "2362"]
[PlyCount "67"]
[EventDate "2019.10.04"]
[EventType "team"]
[EventRounds "11"]
[EventCountry "AUT"]
[WhiteTeam "ASK Salzburg"]
[BlackTeam "Kufstein/Woergl"]

1. e4 c6 2. d4 d5 3. exd5 cxd5 4. c4 Nf6 5. Nc3 Nc6 6. Nf3 Bg4 7. cxd5 Nxd5 8.
Qb3 Bxf3 9. gxf3 Nb6 10. Be3 e6 11. O-O-O Qc7 12. Kb1 Be7 13. d5 Nxd5 14. Nxd5
exd5 15. Rxd5 O-O 16. Bd3 Nb4 17. Rh5 Nxd3 18. Qxd3 g6 19. Rc1 Qb8 20. Bh6 Rd8
21. Qc3 Bf8 22. Bxf8 Rxf8 23. Qe3 Rc8 24. Rg1 Qc7 25. Qh6 f6 26. Rh4 Qc2+ 27.
Ka1 Rc7 28. Rhg4 Rg7 29. Qe3 Rc8 30. a3 Qc5 31. Rd4 Re7 32. Rd8+ Kf7 33. Rxc8
Qxc8 34. Qxa7  1/2-1/2

[Event "2. Bundesliga West 2019/20"]
[Site "Festsaal Marktplatz 3, 5620 Schwarzach"]
[Date "2020.01.17"]
[Round "6"]
[Board "3"]
[White "Bertagnolli, Alexander"]
[Black "Juergens, Klaus"]
[Result "1/2-1/2"]
[WhiteElo "2346"]
[BlackElo "2121"]
[PlyCount "86"]
[EventDate "2019.10.04"]
[EventType "team"]
[EventRounds "11"]
[EventCountry "AUT"]
[WhiteTeam "Kufstein/Woergl"]
[BlackTeam "ASK Salzburg"]

1. e4 c5 2. Ne2 Nc6 3. d4 cxd4 4. Nxd4 g6 5. Nxc6 bxc6 6. Qd4 Nf6 7. e5 Nd5 8.
e6 Nf6 9. exd7+ Bxd7 10. Bd2 Bg7 11. Bc3 O-O 12. Bc4 e5 13. Qh4 Nd5 14. Qxd8
Rfxd8 15. Ba5 Rdb8 16. Nc3 Be6 17. Bb3 Nf4 18. g3 Bxb3 19. axb3 Ne6 20. Ne2 c5
21. Ra4 Rb7 22. f3 Rd7 23. Kf2 Rb8 24. Rha1 f5 25. Bc3 Rbb7 26. Rc4 Nd4 27. Rc1
Bh6 28. f4 Nxe2 29. Kxe2 exf4 30. gxf4 Rd5 31. Ra1 Bg7 32. Ra5 Bxc3 33. Rxc3
Re7+ 34. Re3 Red7 35. Kf3 Rd2 36. Re2 R2d5 37. Re5 Rxe5 38. fxe5 Rc7 39. Kf4 c4
40. bxc4 Rxc4+ 41. Kg5 Kf7 42. Rxa7+ Ke6 43. h3 Rxc2  1/2-1/2

[Event "2. Bundesliga West 2019/20"]
[Site "Festsaal Marktplatz 3, 5620 Schwarzach"]
[Date "2020.01.17"]
[Round "6"]
[Board "4"]
[White "Scheiblmaier, Robert"]
[Black "Koepke, Christian"]
[Result "0-1"]
[WhiteElo "2177"]
[BlackElo "2332"]
[PlyCount "60"]
[EventDate "2019.10.04"]
[EventType "team"]
[EventRounds "11"]
[EventCountry "AUT"]
[WhiteTeam "ASK Salzburg"]
[BlackTeam "Kufstein/Woergl"]

1. d4 Nf6 2. c4 g6 3. Nc3 Bg7 4. e4 d6 5. f3 O-O 6. Be3 Nc6 7. Nge2 a6 8. Qd2
Na5 9. Nc1 Nd7 10. Be2 c5 11. d5 b5 12. cxb5 Nb6 13. Nb3 Nac4 14. Bxc4 Nxc4 15.
Qc1 axb5 16. Nd1 e6 17. dxe6 Bxe6 18. O-O Nxe3 19. Qxe3 Ra4 20. Kh1 Qa8 21. Nc1
b4 22. Qd2 d5 23. exd5 Qxd5 24. Qxd5 Bxd5 25. a3 Re8 26. Nd3 bxa3 27. Rxa3 Rxa3
28. bxa3 Bd4 29. Re1 Rxe1+ 30. Nxe1 Bb3  0-1

[Event "2. Bundesliga West 2019/20"]
[Site "Festsaal Marktplatz 3, 5620 Schwarzach"]
[Date "2020.01.17"]
[Round "6"]
[Board "5"]
[White "Rusche, Johannes"]
[Black "Herrmann, Michael"]
[Result "1-0"]
[WhiteElo "2284"]
[BlackElo "2123"]
[PlyCount "77"]
[EventDate "2019.10.04"]
[EventType "team"]
[EventRounds "11"]
[EventCountry "AUT"]
[WhiteTeam "Kufstein/Woergl"]
[BlackTeam "ASK Salzburg"]

1. e4 c6 2. d4 d5 3. e5 Bf5 4. Nf3 e6 5. Be2 Ne7 6. O-O h6 7. Nbd2 Nd7 8. Nb3
Bh7 9. Bd2 Nf5 10. a4 Be7 11. a5 a6 12. c4 dxc4 13. Bxc4 O-O 14. Bc3 Qc7 15.
Qe2 Rfd8 16. g4 Nh4 17. Nxh4 Bxh4 18. f4 Nf8 19. f5 Qe7 20. Kh1 Kh8 21. Nc5 Bg8
22. Rad1 f6 23. fxe6 fxe5 24. Qxe5 Bf6 25. Rxf6 Qxf6 26. Qxf6 gxf6 27. d5 Nxe6
28. Bxf6+ Ng7 29. Bxd8 Rxd8 30. Nxb7 Rd7 31. Nc5 Rd8 32. b4 cxd5 33. Bxa6 d4
34. Bb7 Ne6 35. Nxe6 Bxe6 36. h3 d3 37. a6 Bd5+ 38. Bxd5 Rxd5 39. a7  1-0

[Event "2. Bundesliga West 2019/20"]
[Site "Festsaal Marktplatz 3, 5620 Schwarzach"]
[Date "2020.01.17"]
[Round "6"]
[Board "6"]
[White "Flatz, Helmut"]
[Black "Neuschmied, Siegfried"]
[Result "0-1"]
[WhiteElo "1877"]
[BlackElo "2268"]
[PlyCount "66"]
[EventDate "2019.10.04"]
[EventType "team"]
[EventRounds "11"]
[EventCountry "AUT"]
[WhiteTeam "ASK Salzburg"]
[BlackTeam "Kufstein/Woergl"]

1. c4 e5 2. Nc3 Bb4 3. g3 Bxc3 4. bxc3 d6 5. Bg2 Nc6 6. d3 Nge7 7. e4 O-O 8.
Ne2 f5 9. O-O fxe4 10. Bxe4 Bh3 11. Bg2 Qd7 12. Bg5 Bxg2 13. Kxg2 Ng6 14. Ng1
b6 15. Be3 d5 16. Qa4 Rf7 17. cxd5 Qxd5+ 18. Qe4 Rd8 19. Bg5 Rd6 20. f4 exf4
21. Bxf4 Nxf4+ 22. Rxf4 Qxe4+ 23. dxe4 Rd2+ 24. Kf3 Ne5+ 25. Ke3 Rfd7 26. Rf5
Ng4+ 27. Kf4 Nxh2 28. Re1 g6 29. Rd5 Rf7+ 30. Ke5 Rxa2 31. Ke6 Raf2 32. Nh3
R2f6+ 33. Ke5 Nf3#  0-1

[Event "2. Bundesliga West 2019/20"]
[Site "Festsaal Marktplatz 3, 5620 Schwarzach"]
[Date "2020.01.17"]
[Round "6"]
[Board "1"]
[White "Paltrinieri, Nicholas"]
[Black "Eybl, Alexander"]
[Result "1/2-1/2"]
[WhiteElo "2323"]
[BlackElo "2288"]
[PlyCount "88"]
[EventDate "2019.10.04"]
[EventType "team"]
[EventRounds "11"]
[EventCountry "AUT"]
[WhiteTeam "Rochade/Rum"]
[BlackTeam "Pradl"]

1. e4 c5 2. Nc3 d6 3. f4 Nc6 4. Nf3 a6 5. d3 Nf6 6. g3 Bg4 7. h3 Bxf3 8. Qxf3
e5 9. Bg2 Be7 10. O-O b5 11. Qf2 Rc8 12. Nd5 h6 13. Be3 exf4 14. Bxf4 Ne5 15.
Nxe7 Qxe7 16. Rad1 O-O 17. c3 c4 18. dxc4 bxc4 19. Bxh6 Nd3 20. Qd4 Qe5 21.
Qxe5 dxe5 22. Rxf6 gxf6 23. Bxf8 Kxf8 24. Rd2 Rb8 25. b3 cxb3 26. axb3 Nc1 27.
b4 Rc8 28. Rd6 Rxc3 29. Rxa6 Rxg3 30. Ra1 Rc3 31. Rb1 Ne2+ 32. Kh2 Rc2 33. b5
Nf4 34. b6 Rxg2+ 35. Kh1 Rg8 36. b7 Kg7 37. b8=Q Rxb8 38. Rxb8 Nxh3 39. Kg2 Ng5
40. Rb4 Kg6 41. Kf2 f5 42. exf5+ Kxf5 43. Ke3 Ne6 44. Rb5 f6  1/2-1/2

[Event "2. Bundesliga West 2019/20"]
[Site "Festsaal Marktplatz 3, 5620 Schwarzach"]
[Date "2020.01.17"]
[Round "6"]
[Board "2"]
[White "Doskocil, Klaus"]
[Black "Heinzel, Olaf"]
[Result "1/2-1/2"]
[WhiteElo "2188"]
[BlackElo "2310"]
[PlyCount "47"]
[EventDate "2019.10.04"]
[EventType "team"]
[EventRounds "11"]
[EventCountry "AUT"]
[WhiteTeam "Pradl"]
[BlackTeam "Rochade/Rum"]

1. e4 d5 2. exd5 Qxd5 3. Nc3 Qd6 4. d4 Nf6 5. Nf3 c6 6. Be2 Bg4 7. O-O e6 8.
Re1 Be7 9. Bg5 h6 10. Bh4 O-O 11. Qd2 Qc7 12. Ne5 Bxe2 13. Rxe2 Nbd7 14. Nxd7
Qxd7 15. Rd1 Nd5 16. Bxe7 Nxc3 17. Bxf8 Nxe2+ 18. Qxe2 Kxf8 19. Rd3 Rd8 20. Qd2
Qc7 21. Qe3 Qd6 22. Qd2 Qc7 23. Qe3 Qd6 24. Qd2  1/2-1/2

[Event "2. Bundesliga West 2019/20"]
[Site "Festsaal Marktplatz 3, 5620 Schwarzach"]
[Date "2020.01.17"]
[Round "6"]
[Board "3"]
[White "Spornberger, Andre"]
[Black "Wohlfahrt, Herbert"]
[Result "1/2-1/2"]
[WhiteElo "2292"]
[BlackElo "2265"]
[PlyCount "137"]
[EventDate "2019.10.04"]
[EventType "team"]
[EventRounds "11"]
[EventCountry "AUT"]
[WhiteTeam "Rochade/Rum"]
[BlackTeam "Pradl"]

1. d4 Nf6 2. Bf4 g6 3. e3 Bg7 4. Nf3 d6 5. Be2 O-O 6. h3 c5 7. c3 Qb6 8. Qb3
Be6 9. Qxb6 axb6 10. a3 Nc6 11. Nbd2 d5 12. O-O Bf5 13. Ne5 Rfc8 14. Rfe1 Nd7
15. Nxd7 Bxd7 16. Nf3 Na5 17. Nd2 Nc6 18. Rad1 Na5 19. Bg3 Ba4 20. Rc1 e6 21.
Bd1 Bxd1 22. Rcxd1 Bf8 23. Nf3 Nc4 24. Re2 Bd6 25. Ne5 Bxe5 26. Bxe5 f5 27. f3
Rd8 28. Bf6 Rd7 29. e4 Kf7 30. Bg5 dxe4 31. fxe4 cxd4 32. exf5 gxf5 33. cxd4 b5
34. h4 Re8 35. g4 fxg4 36. Rf1+ Kg8 37. Rf4 h5 38. a4 Rf7 39. Bf6 Kh7 40. b3
Nd6 41. Re5 Nf5 42. Bg5 bxa4 43. bxa4 Kg6 44. d5 Nd6 45. dxe6 Rxf4 46. Bxf4 Nf5
47. Bg5 Nd4 48. Kf2 Rxe6 49. Rd5 Nf3 50. Bd8 Re4 51. a5 Re5 52. Rxe5 Nxe5 53.
Ke3 Nc6 54. Bb6 Kf5 55. Bc7 Ne7 56. Bg3 Nc6 57. Bc7 Na7 58. Bb8 Nb5 59. Kd3 Ke6
60. Ke4 Nd6+ 61. Kf4 Nf5 62. Kg5 g3 63. Kxh5 g2 64. Bh2 Nd4 65. Kg4 Ne2 66. Kf3
g1=Q 67. Bxg1 Nxg1+ 68. Kf2 Nh3+ 69. Kg3  1/2-1/2

[Event "2. Bundesliga West 2019/20"]
[Site "Festsaal Marktplatz 3, 5620 Schwarzach"]
[Date "2020.01.17"]
[Round "6"]
[Board "4"]
[White "Matt, Stefan"]
[Black "Moroder, Stefan"]
[Result "0-1"]
[WhiteElo "2189"]
[BlackElo "2255"]
[PlyCount "90"]
[EventDate "2019.10.04"]
[EventType "team"]
[EventRounds "11"]
[EventCountry "AUT"]
[WhiteTeam "Pradl"]
[BlackTeam "Rochade/Rum"]

1. e4 c5 2. Nc3 g6 3. f4 Bg7 4. Nf3 Nc6 5. Bb5 Nd4 6. O-O Nh6 7. d3 Nxb5 8.
Nxb5 a6 9. Nc3 f5 10. e5 d6 11. Qe2 O-O 12. a4 b6 13. Bd2 e6 14. Rae1 Nf7 15.
exd6 Qxd6 16. Ne5 Nxe5 17. fxe5 Qd4+ 18. Kh1 Bb7 19. Bg5 Rf7 20. Rf4 Qd7 21.
Rh4 Qc6 22. Qf2 b5 23. Re3 b4 24. Ne2 Qxa4 25. Nf4 Re8 26. Re1 Qc6 27. Qg3 a5
28. Qh3 Bf8 29. Re2 Rg7 30. Bf6 Qc7 31. Qg3 a4 32. Bxg7 Bxg7 33. Rxh7 Qf7 34.
Nh3 a3 35. bxa3 bxa3 36. c4 f4 37. Rxg7+ Kxg7 38. Nxf4 Qf5 39. Qe3 Rf8 40. Rf2
a2 41. Qe1 Kh7 42. Kg1 Qg4 43. g3 g5 44. Rb2 Qf3 45. Nd5 Qf1+  0-1

[Event "2. Bundesliga West 2019/20"]
[Site "Festsaal Marktplatz 3, 5620 Schwarzach"]
[Date "2020.01.17"]
[Round "6"]
[Board "5"]
[White "Moritz, Christian"]
[Black "Sucher, Johannes"]
[Result "1/2-1/2"]
[WhiteElo "2063"]
[BlackElo "2047"]
[PlyCount "63"]
[EventDate "2019.10.04"]
[EventType "team"]
[EventRounds "11"]
[EventCountry "AUT"]
[WhiteTeam "Rochade/Rum"]
[BlackTeam "Pradl"]

1. d4 d5 2. Bf4 c5 3. e3 cxd4 4. exd4 e6 5. Nf3 Bd6 6. Bg3 Nc6 7. Nbd2 Nge7 8.
c3 Nf5 9. Bxd6 Qxd6 10. Bd3 Nce7 11. Qe2 Bd7 12. O-O O-O 13. Ne5 a6 14. f4 b5
15. a3 Rab8 16. g4 Nh6 17. Nb3 Be8 18. Bc2 f6 19. Nd3 Bg6 20. Nbc5 Rfe8 21. h3
Nc6 22. Nxa6 Nxd4 23. cxd4 Qxa6 24. Nc5 Qd6 25. Bxg6 hxg6 26. Nd3 g5 27. Rac1
gxf4 28. Rxf4 Nf7 29. Qh2 Ng5 30. b4 Rbc8 31. h4 Ne4 32. Nc5  1/2-1/2

[Event "2. Bundesliga West 2019/20"]
[Site "Festsaal Marktplatz 3, 5620 Schwarzach"]
[Date "2020.01.17"]
[Round "6"]
[Board "6"]
[White "Sovago, Philipp"]
[Black "Jedinger, Andreas"]
[Result "1/2-1/2"]
[WhiteElo "1902"]
[BlackElo "2092"]
[PlyCount "124"]
[EventDate "2019.10.04"]
[EventType "team"]
[EventRounds "11"]
[EventCountry "AUT"]
[WhiteTeam "Pradl"]
[BlackTeam "Rochade/Rum"]

1. d4 Nf6 2. c4 g6 3. Nc3 Bg7 4. e4 d6 5. Bg5 h6 6. Be3 Ng4 7. Bc1 e5 8. d5 f5
9. Be2 O-O 10. Bxg4 fxg4 11. Be3 c6 12. c5 dxc5 13. Bxc5 Rf7 14. Nge2 Nd7 15.
dxc6 bxc6 16. Be3 Qe7 17. Qd2 Nb6 18. b3 Kh7 19. O-O Be6 20. Rfd1 Bf8 21. Rac1
Qb7 22. Qc2 Ba3 23. Rb1 Raf8 24. Nc1 Qe7 25. Nd3 Nd7 26. Na4 Rf4 27. Nac5 Nxc5
28. Nxc5 R4f6 29. b4 a5 30. bxa5 Bc8 31. Rd3 Bxc5 32. Bxc5 Qf7 33. Bxf8 Qxf8
34. Rbd1 Be6 35. Qxc6 h5 36. Qc7+ Kh6 37. R3d2 h4 38. Qxe5 h3 39. gxh3 gxh3 40.
Rd8 Qf7 41. Qg3 Rf4 42. Kh1 Qf6 43. Qe3 Bg4 44. R8d5 Bf3+ 45. Kg1 Qh4 46. Rc1
Qg4+ 47. Kf1 g5 48. Rc6+ Kh5 49. Rc8 Bg2+ 50. Ke1 Rxe4 51. Rh8+ Kg6 52. Rxg5+
Qxg5 53. Rg8+ Kf6 54. Rxg5 Rxe3+ 55. fxe3 Kxg5 56. a6 Kf5 57. a7 Kg4 58. e4
Bxe4 59. Kf2 Bb7 60. a4 Be4 61. Ke2 Bc6 62. Kf2 Be4  1/2-1/2

[Event "2. Bundesliga West 2019/20"]
[Site "Festsaal Marktplatz 3, 5620 Schwarzach"]
[Date "2020.01.17"]
[Round "6"]
[Board "1"]
[White "Shengelia, David"]
[Black "Srienz, Christian"]
[Result "1-0"]
[WhiteElo "2531"]
[BlackElo "2177"]
[PlyCount "59"]
[EventDate "2019.10.04"]
[EventType "team"]
[EventRounds "11"]
[EventCountry "AUT"]
[WhiteTeam "Absam"]
[BlackTeam "SK Hoerbranz"]

1. d4 Nf6 2. c4 e6 3. Nc3 Bb4 4. e3 O-O 5. Nf3 c5 6. Bd3 d5 7. cxd5 cxd4 8.
exd4 exd5 9. O-O Bg4 10. Bg5 Be7 11. h3 Be6 12. Ne5 Nc6 13. Nxc6 bxc6 14. Na4
Ne4 15. Bxe7 Qxe7 16. Re1 Qh4 17. Bxe4 dxe4 18. Qc2 Bd5 19. Nc3 f5 20. Rac1 Kh8
21. Nxd5 cxd5 22. Qc6 Rad8 23. Qe6 Rfe8 24. Qxf5 Rf8 25. Qe5 Qxf2+ 26. Kh2 Rfe8
27. Rf1 Qxb2 28. Qg3 Qxd4 29. Rc7 Qe5 30. Rf8+  1-0

[Event "2. Bundesliga West 2019/20"]
[Site "Festsaal Marktplatz 3, 5620 Schwarzach"]
[Date "2020.01.17"]
[Round "6"]
[Board "2"]
[White "Schmidlechner, Alexander"]
[Black "Lehner, Oliver"]
[Result "0-1"]
[WhiteElo "2152"]
[BlackElo "2412"]
[PlyCount "68"]
[EventDate "2019.10.04"]
[EventType "team"]
[EventRounds "11"]
[EventCountry "AUT"]
[WhiteTeam "SK Hoerbranz"]
[BlackTeam "Absam"]

1. d4 Nf6 2. c4 g6 3. Nc3 d5 4. e3 Bg7 5. Nf3 c5 6. cxd5 Nxd5 7. Bd2 O-O 8. e4
Nxc3 9. Bxc3 cxd4 10. Bxd4 Qa5+ 11. Qd2 Qxd2+ 12. Kxd2 Rd8 13. Ke3 Bh6+ 14. Ke2
Nc6 15. Bc3 b5 16. Rd1 Be6 17. b3 Bg4 18. Rd5 b4 19. Bd2 Bg7 20. Ke1 Bxf3 21.
gxf3 Nd4 22. Rxd8+ Rxd8 23. Bg2 Rc8 24. Kd1 Rc2 25. Be3 Rxa2 26. f4 Nxb3 27. e5
e6 28. Be4 a5 29. Bb1 Rb2 30. Bc2 a4 31. Bxb3 Rxb3 32. Kc2 Rc3+ 33. Kd2 Bf8 34.
Bd4 Rc8  0-1

[Event "2. Bundesliga West 2019/20"]
[Site "Festsaal Marktplatz 3, 5620 Schwarzach"]
[Date "2020.01.17"]
[Round "6"]
[Board "3"]
[White "Tica, Sven"]
[Black "Engelhart, Achim"]
[Result "1-0"]
[WhiteElo "2418"]
[BlackElo "2055"]
[PlyCount "89"]
[EventDate "2019.10.04"]
[EventType "team"]
[EventRounds "11"]
[EventCountry "AUT"]
[WhiteTeam "Absam"]
[BlackTeam "SK Hoerbranz"]

1. d4 d5 2. Nf3 e6 3. g3 c5 4. Bg2 cxd4 5. Nxd4 Nf6 6. O-O e5 7. Nb3 Be7 8. c4
d4 9. Na3 O-O 10. f4 exf4 11. Bxf4 Nc6 12. Nb5 Bg4 13. h3 Bh5 14. g4 Bg6 15.
N5xd4 Nxd4 16. Qxd4 Qxd4+ 17. Nxd4 Bc5 18. e3 Be4 19. Rfd1 Rfe8 20. Rac1 Rad8
21. Bf1 h6 22. Bg3 b6 23. Bf2 Nh7 24. Bg2 Nf6 25. Kf1 Kf8 26. Bxe4 Nxe4 27. Nf5
g6 28. Nd4 Kg7 29. Rd3 Rc8 30. b3 Rc7 31. Rcd1 Rce7 32. Bg1 Kg8 33. b4 Bxd4 34.
exd4 Nf6 35. d5 Re2 36. Bd4 Nd7 37. c5 bxc5 38. bxc5 Rxa2 39. c6 Ne5 40. Re3 f6
41. d6 Rc2 42. c7 Rf8 43. Bxe5 fxe5+ 44. Ke1 Rff2 45. d7  1-0

[Event "2. Bundesliga West 2019/20"]
[Site "Festsaal Marktplatz 3, 5620 Schwarzach"]
[Date "2020.01.17"]
[Round "6"]
[Board "4"]
[White "Mittelberger, Peter"]
[Black "Deglmann, Ludwig"]
[Result "1/2-1/2"]
[WhiteElo "2174"]
[BlackElo "2258"]
[PlyCount "56"]
[EventDate "2019.10.04"]
[EventType "team"]
[EventRounds "11"]
[EventCountry "AUT"]
[WhiteTeam "SK Hoerbranz"]
[BlackTeam "Absam"]

1. c4 f5 2. Nc3 Nf6 3. g3 g6 4. Bg2 Bg7 5. e3 O-O 6. Nge2 d6 7. O-O a5 8. b3 c6
9. Bb2 e5 10. d4 e4 11. d5 c5 12. Nb5 Na6 13. Nf4 Nc7 14. Nxc7 Qxc7 15. h4 Ng4
16. Bxg7 Qxg7 17. Ne6 Bxe6 18. dxe6 Qe5 19. Qd5 Nf6 20. Qxb7 Qxe6 21. Rfd1 a4
22. Qc6 axb3 23. axb3 Rxa1 24. Rxa1 Qd7 25. Qb6 Qd8 26. Qc6 Qd7 27. Qb6 Qd8 28.
Qc6 Qd7  1/2-1/2

[Event "2. Bundesliga West 2019/20"]
[Site "Festsaal Marktplatz 3, 5620 Schwarzach"]
[Date "2020.01.17"]
[Round "6"]
[Board "5"]
[White "De Francesco, Klaus"]
[Black "Kinkel, Janis"]
[Result "1-0"]
[WhiteElo "2276"]
[BlackElo "2045"]
[PlyCount "71"]
[EventDate "2019.10.04"]
[EventType "team"]
[EventRounds "11"]
[EventCountry "AUT"]
[WhiteTeam "Absam"]
[BlackTeam "SK Hoerbranz"]

1. d4 e6 2. c4 Nf6 3. Nc3 Bb4 4. e3 b6 5. Nge2 Bb7 6. a3 Bxc3+ 7. Nxc3 d6 8.
Be2 Nbd7 9. O-O O-O 10. Bf3 Bxf3 11. Qxf3 e5 12. b4 Re8 13. Bb2 Nf8 14. dxe5
dxe5 15. Rad1 Qe7 16. Nd5 Nxd5 17. cxd5 b5 18. Rc1 Rec8 19. Rc6 Nd7 20. Qf5 g6
21. Qe4 Rab8 22. Rfc1 Nb6 23. Bxe5 Nc4 24. f4 a5 25. Qd4 axb4 26. axb4 Qxb4 27.
Bxc7 Ra8 28. d6 Qa3 29. Qc3 Qa7 30. Qd4 Qa3 31. R1xc4 bxc4 32. Rxc4 Qa1+ 33.
Qxa1 Rxa1+ 34. Kf2 Rd1 35. Rc5 Ra1 36. d7  1-0

[Event "2. Bundesliga West 2019/20"]
[Site "Festsaal Marktplatz 3, 5620 Schwarzach"]
[Date "2020.01.17"]
[Round "6"]
[Board "6"]
[White "Hehle, Bernhard"]
[Black "Gerhold, Michael"]
[Result "0-1"]
[WhiteElo "1962"]
[BlackElo "2210"]
[PlyCount "56"]
[EventDate "2019.10.04"]
[EventType "team"]
[EventRounds "11"]
[EventCountry "AUT"]
[WhiteTeam "SK Hoerbranz"]
[BlackTeam "Absam"]

1. e4 c5 2. Nc3 Nc6 3. Bb5 Nd4 4. Bc4 e6 5. Nge2 Nxe2 6. Qxe2 a6 7. a4 Ne7 8.
f4 Nc6 9. d3 Be7 10. O-O O-O 11. Be3 Nb4 12. e5 d5 13. exd6 Qxd6 14. Ne4 Qc6
15. Rf3 b6 16. Rg3 Bb7 17. Rf1 b5 18. Qh5 Kh8 19. axb5 axb5 20. Bb3 c4 21. Bd4
f6 22. Rh3 h6 23. Qg6 cxb3 24. Rxh6+ gxh6 25. Qxh6+ Kg8 26. Qg6+ Kh8 27. Rf3
Ra1+ 28. Kf2 Qxc2+  0-1

[Event "2. Bundesliga West 2019/20"]
[Site "Festsaal Marktplatz 3, 5620 Schwarzach"]
[Date "2020.01.17"]
[Round "6"]
[Board "1"]
[White "Mons, Leon"]
[Black "Berchtenbreiter, Maximilian"]
[Result "1-0"]
[WhiteElo "2552"]
[BlackElo "2467"]
[PlyCount "73"]
[EventDate "2019.10.04"]
[EventType "team"]
[EventRounds "11"]
[EventCountry "AUT"]
[WhiteTeam "Royal Salzburg"]
[BlackTeam "Hohenems II"]

1. Nf3 g6 2. c4 Bg7 3. Nc3 Nf6 4. e4 O-O 5. d4 d6 6. Be2 e5 7. d5 Nbd7 8. Bg5
h6 9. Bh4 a5 10. O-O Nc5 11. Nd2 Qd7 12. b3 Nh7 13. a3 h5 14. f3 Bh6 15. Rb1 f5
16. Bf2 Nf6 17. Qc2 Kg7 18. exf5 gxf5 19. Rfe1 Qe8 20. b4 axb4 21. axb4 Na4 22.
Nb5 Qd8 23. Nf1 Nb6 24. Ng3 f4 25. Ne4 Nbd7 26. c5 dxc5 27. Nxc5 Nxc5 28. Bxc5
Rg8 29. Nxc7 Kh8 30. Nxa8 Bh3 31. Bf1 Qxa8 32. Rxe5 Qc8 33. Qf2 Bf5 34. Rbe1
Bg7 35. Bd4 h4 36. Re7 h3 37. Qh4+  1-0

[Event "2. Bundesliga West 2019/20"]
[Site "Festsaal Marktplatz 3, 5620 Schwarzach"]
[Date "2020.01.17"]
[Round "6"]
[Board "2"]
[White "Atlas, Dmitry"]
[Black "Durakovic, Alman"]
[Result "0-1"]
[WhiteElo "2221"]
[BlackElo "2292"]
[PlyCount "64"]
[EventDate "2019.10.04"]
[EventType "team"]
[EventRounds "11"]
[EventCountry "AUT"]
[WhiteTeam "Hohenems II"]
[BlackTeam "Royal Salzburg"]

1. e4 c5 2. c3 d5 3. exd5 Nf6 4. d4 Nxd5 5. Nf3 cxd4 6. cxd4 Nc6 7. Nc3 Bg4 8.
Qb3 Bxf3 9. gxf3 Nb6 10. Be3 e6 11. O-O-O Be7 12. d5 exd5 13. Nxd5 Nxd5 14.
Rxd5 Qc7 15. Kb1 O-O 16. Be2 Rad8 17. Rhd1 Rxd5 18. Rxd5 Bf6 19. a3 Ne7 20. Rc5
Qxh2 21. f4 b6 22. Rc7 h5 23. Rxa7 h4 24. Bf3 h3 25. Qxb6 Nc8 26. Qb7 Nxa7 27.
Qxa7 Qg1+ 28. Ka2 h2 29. Qb7 Qf1 30. Bd5 Qe2 31. Bc5 h1=Q 32. Bxf8 Qxd5+  0-1